| 000 | 00513nam a22001697a 4500 | ||
|---|---|---|---|
| 003 | BD-DhJNU | ||
| 005 | 20250318065335.0 | ||
| 008 | 250318b |||||||| |||| 00| 0 eng d | ||
| 040 |
_aBD-DhJNU _bENG _cBD-DhJNU _dBD-DhJNU |
||
| 082 |
_223 _a153.3 |
||
| 100 | _aSartre, Jean-Paul | ||
| 245 |
_aImagination : _ba psychological critique / _cJean-Paul Sartre |
||
| 260 |
_aToronto : _bAnn Arbor the University of Michigan Press, _c1962. |
||
| 300 |
_axiii, 162 p. : _c21 cm. |
||
| 650 | _aPsychology | ||
| 942 |
_2ddc _cBK _n0 |
||
| 999 |
_c1502 _d1502 |
||